Entry Topical Term
Number of records used in: 3
001 - CONTROL NUMBER
003 - CONTROL NUMBER IDENTIFIER
005 - DATE AND TIME OF LATEST TRANSACTION
- control field:
20170329171838.0
008 - FIXED-LENGTH DATA ELEMENTS
- fixed length control field:
170329|| aca||aabn | a|a d
040 ## - CATALOGING SOURCE
- Original cataloging agency:
OSt
- Transcribing agency:
OSt
150 ## - HEADING--TOPICAL TERM
- Topical term or geographic name as entry element:
ENGINEERING
- General subdivision:
CIVIL ENGINEERING
670 ## - SOURCE DATA FOUND
- Source citation:
Work cat.: (OSt): PUNMIA,DR. B. C 3585, PROJECT PLANNING AND CONTROL WITH PERT AND CPM, 1982